| 000 | 01158nam0a2200313 4500 | ||
|---|---|---|---|
| 001 | RU\NLR\ONL2\25692 | ||
| 005 | 20250806204057.0 | ||
| 035 | _a(NLR Aleph) 010212647 | ||
| 090 |
_a83874 _c83874 |
||
| 100 | _a20130321d1941 c y0rusy50 ca | ||
| 101 | 0 | _aaze | |
| 102 | _aAZ | ||
| 105 | _ay ||||||||| | ||
| 200 | 1 |
_aВәтән кешиjjиндә _eорта jашлы мәктәблиләр үчүн _eҹанлы газет N 1 _fИбраhим Заманлы _gАзССР ХМК Республика ушаг бәдим тәрбиjә еви |
|
| 210 |
_aБакы _cАзССР ХМК нәшри _d1941 |
||
| 215 |
_a14,[2] с. _d21 |
||
| 541 | 1 |
_6z01790 _aНа страже Родины _eодноактная пьеса _zrus |
|
| 686 | 1 | _aШ9(2)6=Аз-6 | |
| 700 | 1 |
_aЗаманлы _bИ. _gИбраhим _4070 |
|
| 790 | 1 |
_6z01541 _aЗаманлы _bИ. _gИбрагим _4070 |
|
| 801 | 0 |
_aRU _bNLR _c20130325 _gPSBO |
|
| 852 |
_aNLR _jАзерб./3-9025 |
||
| 852 |
_aNLR _bОНЛ |
||
| 942 | _cBOOK | ||
| 945 | _aРоссийская национальная библиотека | ||
| 980 | _aBV | ||
| 980 | _aONL_RF | ||